[Event "EU-chT (Men) 21st"]
[Site "Heraklion"]
[Date "2017.11.04"]
[Round "7.2"]
[White "Vitiugov, Nikita"]
[Black "Bosiocic, Marin"]
[Result "1-0"]
[WhiteElo "2728"]
[BlackElo "2619"]
[Annotator "Quintiliano,R"]
[PlyCount "167"]
[EventDate "2017.10.28"]
[EventType "team-swiss"]
[EventRounds "9"]
[EventCountry "GRE"]
[SourceTitle "CBM 182"]
[Source "ChessBase"]
[SourceDate "2018.01.17"]
[SourceVersion "1"]
[SourceVersionDate "2018.01.17"]
[SourceQuality "1"]
[WhiteTeam "Russia"]
[BlackTeam "Croatia"]
[WhiteTeamCountry "RUS"]
[BlackTeamCountry "CRO"]

1. d4 Nf6 2. c4 e6 3. Nf3 d5 4. Nc3 a6 {Despite many efforts by White, this
variation is establishing itself as a reliable option for Black.} 5. cxd5 (5.
Bg5 $5 {is one sharp idea that White has tried in a couple of games, but the
complicated positions arising from} dxc4 6. e4 b5 {are not clear yet. Other
options for White were briefly shown in my annotations to the game
Karjakin-Adams, Vugar Gashimov Mem 2017 for CBM 178.}) 5... exd5 6. Bg5 (6. Bf4
{Karjakin,S (2783)-Adams,M (2761) Vugar Gashimov Mem 2017 (3.5) 0-1 was the
move that I' analysed in CBM 178, and didn't bring any advantage for White -})
6... Be6 {With this exotic move, Black is actually solving his problem of
development.} 7. e3 (7. Qb3 $6 {is a typical reply when the bishop leaves c8
in QGD positions, but now} b5 $1 {proves how useful 4...a6 can be} 8. e3 (8.
Bxf6 Qxf6 9. Nxd5 $2 Qd8 {[%csl Rd5]}) 8... Nbd7 9. Be2 c5 $36) 7... Nbd7 8. h3
$146 {This move has been played in some positions after Bd3 and 0-0, but by
playing it now White keeps some ideas in mind which will be clear soon.} (8.
Bd3 {isn't giving good results for White:} Bd6 (8... h6 9. Bf4 g5 $6 {Vitiugov
played this risky continuation with Black recently} 10. Bg3 Nh5 11. Be5 Ng7 12.
h3 Nxe5 13. Nxe5 c6 14. O-O Bd6 15. Rc1 h5 $6 {too risky, as Black is still
too undeveloped to launch an attack on the kingside} 16. e4 $1 (16. f4 $5 {
deseves attention also}) 16... g4 17. exd5 cxd5 18. g3 h4 $6 19. hxg4 hxg3 20.
fxg3 Qg5 21. Qf3 Bxe5 22. dxe5 Qxe5 23. Qf4 $5 {White could had kept pieces on
board, but instead he is aiming for an easier endgame} (23. Ne2 $1 {[%cal
Ge2f4]}) 23... Qxf4 24. gxf4 $6 {but this makes Black's life easier too} (24.
Rxf4 $142 {[%cal Yf4d4,Yd4b4]}) 24... Rh4 $1 25. Be2 Bxg4 26. Nxd5 Bxe2 27.
Rfe1 Kf8 $15 {Bluebaum,M (2643)-Vitiugov,N (2728) 21st European Teams 2017 (9.
2) 0-1}) 9. O-O O-O 10. Qc2 h6 11. Bf4 $1 (11. Bh4 Re8 12. Rad1 c6 13. Bh7+ Kh8
14. Bf5 Bxf5 15. Qxf5 g6 16. Qc2 Qe7 $11 {Quintiliano Pinto,R (2491)-Carneiro,
V (2426) 83rd ch-BRA 2017 (9.2) 1/2}) 11... Qe7 {and Black is fine.} (11...
Bxf4 12. exf4 {[%cal Gf4f5] is very annoying for Black})) 8... c6 $6 {A bit
careless.} ({This position was reached by transposition in another game and
things continued} 8... h6 9. Bf4 Bb4 10. Bd3 c5 11. dxc5 Nxc5 {Volkov,S (2637)
-Ponomariov,R (2692) ch-ESP Rapid 2017 (7.2) 1/2} (11... Bxc3+) 12. Rc1 Nfe4
13. Be5 $1 {[%csl Yd5]}) (8... Bd6 {looks safer} 9. Bd3 c6 {Transposing to
common positions of this variation, I'm not sure how White can try to obtain
an edge as Black's setup is very solid} (9... O-O)) 9. Bf4 $1 {[%csl Gd6]
Vitiugov immediately shows the drawbacks of Black's last move.} Bf5 $1 (9...
Be7 10. Bd3 {would leave Black in a passive situation}) 10. g4 $5 Bg6 11. Nh4 {
White aims for the bishop pair and changes in the pawn structure, which
creates an interesting position.} Ne4 {A better option for Black was to keep
both knights on the board.} (11... Bb4 12. Qb3 Qe7 13. a3 Bxc3+ 14. bxc3 (14.
Qxc3 Ne4 $1 15. Nxg6 fxg6 $1 {[%cal Gg6g5]}) 14... b5 15. a4 O-O {[%cal Gd7b6,
Gb6c4] Despite the weaknesses on the dark squares, Black is ok.}) 12. Nxg6 hxg6
13. Qb3 {White missed a good chance to get a favourable position, although the
complications that arise are difficult to calculate.} (13. Nxe4 $1 {would have
created a target on e4:} dxe4 14. Qb3 Qa5+ (14... b5 $2 15. Bg2 Nf6 16. O-O Bd6
17. Bxd6 Qxd6 18. Qc2 $16 {[%csl Gc6,Ge4]}) 15. Ke2 $1 {[%csl Re4][%cal Yf1g2]
The king is not disrupting White's development here, as the bishop belongs on
g2} Qb5+ (15... O-O-O $5 {is an attempt to create some complications, probably
Black's best practical option} 16. Bg2 f5 17. f3 $1 {opening the position in
White's favour} exf3+ (17... Nf6 18. fxe4 Nxe4 19. Bxe4 fxe4 20. Qe6+ Rd7 21.
Qe8+ $1 Qd8 (21... Rd8 22. Qxe4 Qb5+ 23. Kf3 $1) 22. Qxg6 $14) 18. Bxf3 {
[%csl Yf3,Yf4][%cal Yf3a8,Yf4b8]} g5 $5 (18... Qb5+ {is much worse now} 19.
Qxb5 axb5 20. gxf5 gxf5 21. Rag1 $16 {[%cal Gg1g5]}) 19. Bxg5 fxg4 {[%cal
Ra5g5,Rg4f3]} 20. Bd5 $3 (20. Bxc6 $5 {is a human idea} bxc6 21. Bxd8 Kxd8 22.
hxg4 Rxh1 23. Rxh1 Qg5 24. Qe6 $40) 20... Nf6 (20... cxd5 $2 21. Rac1+ Kb8 22.
Bf4+ $1 Ka7 23. Bc7 {[%csl Ra5,Rd8]}) 21. Be6+ Kb8 22. Bxf6 gxf6 23. hxg4 {
and White is a pawn up in this complicated position}) 16. Qxb5 axb5 17. Bg2 f5
18. f3 $1 {again the same ideas give a better endgame for White} exf3+ 19. Bxf3
Nf6 (19... fxg4 20. Bxg4 $16 {White has a clear advantage due to the bishop
pair, the central passed pawn and the weak pawns in the g-file}) 20. a3 $14 {
[%cal Ya1f1,Ya1g1,Gf4e5] White has the bishop pair and more than one
possibility to exert pressure in this endgame, which gives him a much easier
life.}) 13... Nxc3 14. bxc3 b5 {White's play now is directed to opening the
centre and using the bishop pair, but Black's position is still solid.} 15. Bg2
Nb6 16. e4 dxe4 17. Bxe4 Rc8 18. Kf1 {[%cal Ga1e1] The best way to finish the
development quickly and keep the bishop pair, while leaving the rook on h1,
White can consider ideas with h4-h5 on the kingside.} Bd6 19. Re1 O-O 20. Bc1 {
Of course, to trade this bishop is a bad deal for White.} Nc4 {Black starts a
plan to reorganise his pieces.} (20... Nd5 21. Kg2 Qa5 {was also good} 22. Bxd5
(22. Bd2 Bf4 $1) 22... cxd5 23. Qxd5 Rfd8 $11 {[%csl Rc3]}) 21. Kg2 Be7 {
Bosiocic is trying to bring the knight closer to the kingside and deal with
the potential threat of h4.} 22. Qd1 {Vitiugov's pieces are almost ready to
start operations on the kingside.} Nd6 (22... c5 23. h4 $1 cxd4 (23... Bxh4 24.
Rh3 {[%cal Ye1h1] looks dangerous} Qf6 {[%cal Gf6f2]} 25. Qf3 $1) 24. h5 $1 {
and, despite the fact that Black has enough resources, this position looks
pretty dangerous over the board} dxc3 $1 (24... g5 25. Qf3 $36) 25. hxg6 $1 (
25. Qf3 Nd2 $1 26. Bxd2 cxd2 27. Rd1 gxh5 28. Rxh5 g6 $15) 25... Qxd1 26. Rxd1
Rfd8 27. gxf7+ Kxf7 28. Bd5+ Kf6 29. Rh5 $13 {the position remains unclear,
but Black is at least ok.}) 23. Bf3 {Keeping the bishop on a good diagonal.} (
23. Bd3 {follows the same idea} Bh4 (23... c5 $5)) 23... Bh4 {This way, Black
stops the potential threats on the kingside, but at the price of getting his
development slightly disturbed.} 24. Re5 $1 {[%cal Ge5c5] Skillfully, Vitiugov
now changes his focus to the other side of the board.} Nc4 {Passive defence
would allow White to get a very comfortable position.} (24... Qd7 25. Ba3 Rfd8
26. Bc5 $1 Bf6 27. Re2 Nb7 28. Bb6 Re8 29. Rhe1 $14) 25. Rc5 Qd6 26. Be4 $1 {
Tying Black's pieces to the defence of the c6-pawn.} Rfe8 27. Qf3 Re6 28. Bf4 (
28. g5 $1 {[%csl Rh4] also looks very dangerous for Black, as now White has
many tactical ideas and the best option is} Nb6 (28... f5 $2 29. Bd5 $1) ({
all White's ideas work perfectly in the amazing variation} 28... Qe7 29. Bd5 $1
Re2 30. Bxf7+ $1 Kh8 31. Rf1 Rf8 32. Rf5 $3 Nd6 33. Ba3 $1 {and White is
winning} Rxf7 34. Rxf7 Qxg5+ 35. Kh1 Nxf7 36. Qxe2 $18) 29. Qg4 Nd7 30. Qxh4
Nxc5 31. dxc5 Qxc5 32. Bf3 Qxc3 33. Qf4 $14 {[%cal Gh3h5] although of course
Black should have practical chances in this position.}) 28... Qe7 29. Bd3 $6 {
White had a good idea.} (29. Bd5 $1 Re2 (29... Rf6 30. Bxc4 bxc4 31. g5 Rf5 32.
Re5 $1 Rxe5 33. dxe5 Bxg5 34. Qg4 $1 {[%csl Rc8,Rg5]}) 30. Rf1 Nd2 (30... Rxa2
31. g5 $1 {[%csl Rh4]}) 31. Bxd2 Rxd2 32. Bb3 {[%csl Yc6,Yf7] and White is
still pressing, for example} a5 33. Qf4 Re2 34. Bd5 $1) 29... Nb2 {Not the
best, but Black wants to invade the second rank.} (29... Nb6 $142 $1 {[%cal
Yb6d5] would leave Black with an advantage.}) 30. Bc2 Re2 31. Re5 $1 {
Exchanging Black's only active piece.} Rxe5 32. dxe5 $1 {The best recapture,
keeping some problems for Black to solve.} Nc4 33. Re1 $14 Nb6 {The threat of
g5 is pretty annoying.} ({For example} 33... Kh8 $4 34. g5 $1 Bxg5 35. Qg4 {
[%csl Rc8,Rg5] The rook hanging on c8 is the problem.}) (33... Bg5 {is also bad
} 34. Bxg5 Qxg5 35. e6 $1 {and White takes a strong initiative.}) 34. Bb3 {
[%cal Ye5e6] Black's decisions become more and more difficult.} c5 {Black
rushes to close the diagonal to the light-squared bishop, but then another
ideas are possible} (34... Nd5 {would had offered more chances} 35. Bc1 Rd8 36.
c4 $1 bxc4 37. Bxc4 a5 $14) 35. Rd1 $1 {Now Black is unable to block the
d-file.} c4 36. Bc2 Rd8 (36... Nd7 37. Qb7 Rd8 38. Rd6 $14) 37. Rd6 $1 {
[%csl Gd6] Sooner or later Black should trade rooks on d6, and this will leave
White with a powerful passed pawn.} Nd7 38. Qd5 Nf8 39. Be3 Rxd6 40. exd6 Qe6
41. Be4 {Vitiugov is ready to take all the pawns on the queenside, and
material losses are unavoidable for Black.} Bf6 42. Qxe6 Nxe6 43. Bb7 Bxc3 44.
Bxa6 Bb4 45. Bxb5 c3 (45... Bxd6 46. Bxc4 Nc5 47. Bb5 $18 {[%csl Ga2] and the
distant passed pawn is decisive.}) 46. d7 Kf8 47. Ba4 Ke7 48. Bb6 $1 {A good
preventive move. Now Black's pieces are paralysed.} (48. Kf3 $2 Nc5 $1) 48...
g5 (48... Bc5 $2 49. d8=Q+ $18) 49. Kf3 f6 50. Ke2 c2 $8 {If the king comes to
c2, it's over.} (50... Nf4+ 51. Kd1 Ne6 52. Kc2 Nd8 53. Bb5 Ne6 54. a4 $18) 51.
d8=Q+ $1 {Vitiugov plays precisely to avoid any chances for Black.} (51. Bxc2
$2 Nf4+ $1 52. Kd1 Kxd7 {[%cal Gf4h3]}) 51... Nxd8 52. Bxc2 {Despite the
technical task, White is winning.} Ba3 53. Kd3 Ne6 54. Ke4 Kd6 (54... Nf4 55.
h4 $1) 55. Bb3 Nf8 56. Kf5 {White should of course advance the a-pawn in order
to win, but first he threats an invasion on the kingside to keep Black's
pieces as passive as possible, making any chance of counterplay very difficult.
} Kc6 57. Bd4 Kd6 58. f3 Kc6 59. Bf2 Kd6 60. Bg3+ Kc6 61. Bf7 Kd7 62. Bd5 Ke7
63. Bb3 {Do not hurry! The golden rule in such endgames, White has abusolutely
no reason to rush.} Kd7 64. Be1 Kd6 65. h4 (65. f4 {was also strong, as after}
gxf4 66. Kxf4 Ng6+ 67. Ke4 {[%cal Gh3h5] in some positions White can create a
distant passed pawn on the kingside also.}) 65... gxh4 66. Bxh4 Ke7 67. Ke4 Kd6
68. Bg3+ Kc6 69. Kd4 Kd7 70. Bd5 Ng6 71. Be4 Ne7 72. Kc4 g6 73. Kb3 Bc5 74. a4
{Finally, Vitiugov starts decisive action on the queenside.} f5 75. Bd3 fxg4
76. fxg4 g5 {Despite the simplifications, the remaining material is still
enough to decide the game in favour of White.} 77. Bb5+ Ke6 78. Bc4+ Kd7 79.
Bb5+ Ke6 80. Kc4 Bb6 81. Be8 $1 {[%cal Yc4b5] The bishops are doing a good job
keeping the Black's king and knight under control.} Bd8 82. Kc5 Nc8 83. Kc6 Ba5
$4 {Losing on the spot, but even the best defence would only prolong the game.}
(83... Ne7+ 84. Kb7 Nd5 85. Bb5 Nf4 86. Be1 {[%cal Ga4a5]} Ke5 87. a5 Bxa5 (
87... Ne6 88. a6 Nc5+ 89. Kc8 Bb6 90. Bf2 Kd5 91. Bxc5 Kxc5 92. Bd7 $18 {
[%cal Gc8b7]}) 88. Bxa5 Ke4 89. Bc6+ Ke3 90. Bb6+ Ke2 91. Kc7 $18) 84. Bd7+ 1-0

[Event "Sautron op 15th"]
[Site "Sautron"]
[Date "2015.10.24"]
[Round "8.4"]
[White "Colin, Vincent"]
[Black "Koziak, Vitali"]
[Result "1/2-1/2"]
[WhiteElo "2399"]
[BlackElo "2472"]
[Annotator "RR"]
[PlyCount "68"]
[EventDate "2015.10.24"]
[EventType "swiss"]
[EventRounds "9"]
[EventCountry "FRA"]
[SourceTitle "CBM 169 Extra"]
[Source "ChessBase"]
[SourceDate "2015.12.18"]
[SourceVersion "1"]
[SourceVersionDate "2015.12.18"]
[SourceQuality "1"]
[TimeControl "40/5400+30:1800+30"]
[WhiteClock "0:01:04"]
[BlackClock "0:01:02"]

1. d4 {[%emt 0:00:00]} d5 {[%emt 0:00:00]} 2. c4 {[%emt 0:00:00]} e6 {[%emt 0:
00:13]} 3. Nf3 {[%emt 0:01:00]} Nf6 {[%emt 0:00:06]} 4. Nc3 {[%emt 0:00:09]}
Be7 {[%emt 0:00:26]} 5. Bf4 {[%emt 0:02:10]} O-O {[%emt 0:00:13]} 6. e3 {
[%emt 0:00:08]} Nbd7 {[%emt 0:00:30]} (6... c6 $143 7. Qc2 Nbd7 (7... Nh5 $6 8.
Bd3 (8. Be5) 8... Nxf4 9. Bxh7+ Kh8 10. exf4 g6 11. Bxg6 fxg6 12. Ne5 $36) 8.
h3 a6 9. Rd1 h6 (9... b5 10. c5 $14 a5 11. Bd3 b4 12. Na4 Ba6 13. Bxa6 Rxa6 14.
O-O Qc8 15. Ne1 Bd8 16. Nd3 Bc7 17. a3 bxa3 18. bxa3 Re8 19. Bxc7 Qxc7 20. Rb1
e5 21. Rb6 $36 {Kramnik,V (2715)-Zude,A (2430) Bundesliga 9495 1994 [1] 1-0})
10. a3 dxc4 11. Bxc4 Nd5 12. O-O Nxf4 13. exf4 Qc7 14. Ne5 Nf6 15. Ba2 {
[%csl Rg8][%cal Ga2b1,Ge5g4,Gg4f6]} Bd7 16. Bb1 Be8 17. d5 $40 {[%csl Rf6,Rg8]
[%cal Gc3d5,Gc2c7];Kramnik,V (2590)-Lputian,S (2560) EU-chT (Men) 10th 1992 (6.
3) 1-0}) 7. cxd5 $5 {[%emt 0:09:11]} (7. c5) (7. Qc2 {[%cal Ga1d1]}) 7... Nxd5
{[%emt 0:03:52]} 8. Bg3 {[%emt 0:01:30]} (8. Nxd5 exd5 9. Bd3 c5 10. O-O b6 11.
dxc5 bxc5 12. e4 d4 13. Rc1 Nb6 14. Ne5 Bb7 15. Qg4 Qc8 16. Qxc8 Rfxc8 17. Nc4
Nxc4 18. Bxc4 a5 19. f3 a4 20. Kf2 Ba6 21. Ke2 Rc6 22. Kd3 Rb6 23. Rf2 Kf8 24.
Bxa6 Raxa6 25. Rc4 Ke8 26. Rfc2 Kd7 27. Bc1 g6 28. f4 f5 29. Re2 Re6 30. e5 h5
31. g3 Kc6 32. h3 Kd5 33. Rg2 Reb6 34. h4 Rb5 35. Rgc2 Bd8 36. Bd2 Bb6 37. Bc1
Bd8 {Shirov,A (2696)-Radjabov,T (2733) Riga 2013 1/2-1/2}) 8... c5 {[%emt 0:03:
39]} 9. Bd3 {[%emt 0:01:20]} cxd4 {[%emt 0:06:26]} 10. exd4 {[%emt 0:03:20]}
N7f6 {[%emt 0:05:04]} 11. O-O {[%emt 0:01:57]} Nxc3 $146 {[%emt 0:06:19]} (
11... b6 12. Qe2 Bb7 13. Rac1 Rc8 14. Ne5 Nxc3 15. bxc3 Qd5 16. Nf3 Ne4 17. c4
Nxg3 18. hxg3 Qd6 19. Rfd1 Rfd8 20. Be4 Bxe4 21. Qxe4 Bf6 22. g4 h6 23. Qe3 Qe7
24. Rc2 Rc7 25. Qb3 Qd7 26. Rdd2 Rdc8 27. a4 Qc6 28. Re2 Qd6 29. Re4 Qc6 30.
Ree2 Qd6 31. Re4 Rc6 32. a5 Qc7 33. axb6 axb6 34. Re3 Qf4 35. g5 hxg5 36. Qd3
g4 37. Ne5 Rd6 38. Re4 Qf5 39. Qe2 Rcd8 40. Rd2 g3 41. fxg3 {Korobov,A (2678)
-Macieja,B (2614) Lublin 2012 0-1 (99)}) 12. bxc3 {[%emt 0:00:10]} b6 {[%emt 0:
00:41]} 13. Qe2 {[%emt 0:05:34]} Bb7 {[%emt 0:04:19]} 14. Rfd1 {[%emt 0:02:07]}
g6 {[%emt 0:22:28]} (14... Rc8) 15. Rac1 {[%emt 0:21:30]} Nh5 {[%emt 0:11:35]}
16. c4 {[%emt 0:07:43]} Nxg3 {[%emt 0:03:53]} 17. hxg3 {[%emt 0:00:06]} Rc8 $15
{[%emt 0:04:42][%cal Gb7a6,Gc8c7,Gd8a8,Gf8c8] La paire de B est forte dans
cette position ouverte mais les P pendants ont un potentiel dynamique} 18. Be4
{[%emt 0:04:56]} Bxe4 {[%emt 0:02:17]} 19. Qxe4 {[%emt 0:00:08]} Bf6 {[%emt 0:
00:40]} 20. g4 {[%emt 0:11:59]} Qe7 {[%emt 0:03:15]} (20... Qc7 {[%cal Gf8d8]})
21. Qf4 {[%emt 0:01:29]} Rfd8 {[%emt 0:01:20]} 22. g3 {[%emt 0:02:39]} Bg7 {
[%emt 0:00:47]} 23. g5 {[%emt 0:00:20][%cal Gf3d2,Gd2e4,Ge4f6]} Qa3 {[%emt 0:
05:22]} 24. Kg2 $1 {[%emt 0:04:29] Jouant la contre-attaque plustôt que de
défendre la faiblesse "a2"} (24. Nd2 $5 Qxa2 25. Ne4 Rxc4 26. Nf6+ $44) 24...
Qxa2 {[%emt 0:03:21]} 25. Rh1 {[%emt 0:01:03][%csl Rh7][%cal Gf4h4]} Rxc4 {
[%emt 0:05:23]} 26. Ra1 {[%emt 0:00:52]} Qc2 {[%emt 0:01:02]} 27. Rxh7 $3 {
[%emt 0:00:41]} Qf5 $1 {[%emt 0:00:21]} (27... Kxh7 28. Qxf7 $18 {[%cal Ga1h1]}
) 28. Qh4 {[%emt 0:00:39]} Rc3 {[%emt 0:01:08]} 29. Ne5 {[%emt 0:06:37]} Bxe5 {
[%emt 0:00:37]} 30. dxe5 {[%emt 0:00:04]} Rxg3+ $3 {[%emt 0:01:26]} 31. Qxg3 {
[%emt 0:07:06]} (31. fxg3 Rd2+ 32. Kh1 Qe4+ 33. Kg1 Qg2#) 31... Kxh7 {[%emt 0:
00:02]} 32. Rxa7 {[%emt 0:00:12]} Kg7 {[%emt 0:00:09]} 33. Ra3 {[%emt 0:00:45]}
Rd4 {[%emt 0:02:22]} 34. Kf1 {[%emt 0:04:02]} Rg4 {[%emt 0:02:00] Une belle
partie!} 1/2-1/2

[Event "Sautron op 15th"]
[Site "Sautron"]
[Date "2015.10.24"]
[Round "9.5"]
[White "Swayams, Mishra"]
[Black "Ider, Borya"]
[Result "1/2-1/2"]
[WhiteElo "2444"]
[BlackElo "2464"]
[Annotator "RR"]
[PlyCount "114"]
[EventDate "2015.10.24"]
[EventType "swiss"]
[EventRounds "9"]
[EventCountry "FRA"]
[SourceTitle "CBM 169 Extra"]
[Source "ChessBase"]
[SourceDate "2015.12.18"]
[SourceVersion "1"]
[SourceVersionDate "2015.12.18"]
[SourceQuality "1"]
[TimeControl "40/5400+30:1800+30"]

1. c4 e6 2. Nc3 d5 3. d4 Nf6 4. Nf3 Nbd7 5. Bf4 dxc4 6. e3 b5 {Une ligne
secondaire} (6... Nd5) 7. Nxb5 Nd5 8. Nc3 Bb4 9. Rc1 (9. Qc2 N7b6 10. Bg3 O-O
11. Be2 c5 12. O-O cxd4 13. Nxd4 Bb7 14. Bf3 Qd7 {1/2-1/2 (14) Karjakin,S 
(2762)-Mamedyarov,S (2736) Baku 2015}) 9... N7b6 $146 (9... Nxf4 10. exf4 Qf6
11. g3 Bb7 12. Bg2 O-O 13. O-O Rfd8 14. Qc2 Rab8 15. Rfd1 Bxc3 16. Qxc3 Bd5 17.
Ne5 Bxg2 18. Kxg2 Nxe5 19. dxe5 Qe7 20. Qxc4 Rxd1 21. Rxd1 Rxb2 22. Qc6 h5 23.
Qa8+ Kh7 24. Rd8 Qb4 25. Kh3 Rxf2 26. Rh8+ Kg6 27. Qd8 f6 28. f5+ {1-0 (28) Bu,
X (2668)-Wang,C (2490) Xinghua 2012}) 10. Be2 Bb7 11. O-O Nxf4 $132 12. exf4
Qf6 {[%csl Rd4,Rf4]} 13. g3 Rd8 (13... O-O) 14. a3 Be7 15. Na4 h5 $5 16. Nxb6
axb6 17. Rxc4 h4 18. Rxc7 (18. Nxh4 $6 Rxh4) 18... Bd5 19. Ne5 Qh6 $36 20. Ng4
Qh7 21. Qc2 Be4 22. Qa4+ Kf8 23. Rxe7 $1 hxg3 (23... Kxe7 24. Qb4+ Kd7 25. Bb5+
$40) 24. fxg3 Qh3 25. Kf2 Kxe7 $13 {[%csl Re7,Rf2] Les deux K sont exposés}
26. Rc1 $6 (26. Qb4+ $142 $1 {[%csl Re7] Plus précis pour éviter de laisser
le temps au K Noir de fuir à l'aile-roi} Rd6 (26... Ke8 27. Bb5+) 27. Rc1 {
[%cal Gc1c7]}) 26... Kf8 27. Rc7 Qg2+ 28. Ke3 Bg6 29. Rd7 Rc8 30. Qa6 Qg1+ 31.
Kf3 (31. Kd2 Qc1#) 31... Qh1+ 32. Kf2 Qc6 33. Qb7 Qxb7 34. Rxb7 f5 35. Ne5
Rxh2+ 36. Ke3 Be8 37. Rxb6 {[%csl Ga3]} Rc2 38. Bc4 Rcg2 39. d5 (39. Bxe6 Rxg3+
40. Nf3 Rhh3 41. Bd5) 39... Rxg3+ 40. Kd4 exd5 41. Kxd5 $1 Rd2+ 42. Ke6 {
[%csl Ge6,Rf8][%cal Ge6f5,Gb6b8]} Rd8 43. Kxf5 Rh3 44. b3 Rh6 45. Rxh6 gxh6 46.
a4 Ra8 47. Kf6 $1 {[%csl Gf6]} h5 48. Kg5 Ra7 49. f5 Rg7+ 50. Ng6+ Bxg6 51.
fxg6 h4 52. Kxh4 (52. Bf7 Rxf7 $1) 52... Rxg6 53. a5 Ke8 54. a6 Rg7 55. Kh5 Kd8
56. Kh6 Rd7 57. Kg5 Kc7 1/2-1/2

[Event "Vandoeuvre op 11th"]
[Site "Vandoeuvre"]
[Date "2014.12.26"]
[Round "2"]
[White "Joie, Sebastien"]
[Black "Gharamian, Tigran"]
[Result "0-1"]
[WhiteElo "2389"]
[BlackElo "2658"]
[Annotator "RR"]
[PlyCount "74"]
[EventDate "2014.12.26"]
[EventType "swiss"]
[EventRounds "9"]
[EventCountry "FRA"]
[SourceTitle "EXT 2017"]
[Source "ChessBase"]
[SourceDate "2016.10.25"]
[SourceVersion "1"]
[SourceVersionDate "2016.10.25"]
[SourceQuality "1"]

1. d4 {90} Nf6 2. c4 e6 3. Nf3 d5 4. Nc3 Nbd7 {86} 5. Bf4 dxc4 6. e3 Nd5 7.
Bxc4 Nxf4 8. exf4 Bd6 {70} 9. Ne5 (9. g3 O-O 10. O-O) 9... O-O 10. Qf3 $146 {
[%cal Ge1c1] Un plan assez risqué} (10. Qc2 c5 {Williams,S (2466)-Lputian,S 
(2640) EU-ch 6th Warsaw 2005 (9) 0-1}) (10. O-O $142 Nb6 11. Bb3 Bd7 12. Qg4 {
Ibragimov,I (2610)-Smagin,S (2575) RUS-ch51 St Petersburg 1998 (5) 1/2}) 10...
c5 $1 {52 Anticipe le 000} 11. O-O-O cxd4 12. Nxd7 Bxd7 13. Rxd4 Bc5 $132 {
[%csl Gc5] La paire de B est très forte} 14. Rd2 Qc7 {[%cal Gb7b5]} 15. Bb5 $2
Bxb5 16. Nxb5 Qa5 17. Nc3 Bb4 $15 {[%csl Ra2,Rc1,Rc3]} 18. Kb1 Bxc3 19. bxc3
Rac8 $40 20. Rb2 Rxc3 21. Qxb7 Qf5+ 22. Ka1 Qxf4 23. Qxa7 Rc1+ 24. Rxc1 Qxc1+
25. Rb1 Qc3+ 26. Rb2 Rd8 27. Qa4 Qe1+ 28. Rb1 Qxf2 {[%csl Ge6]} 29. Qb4 Qf6+
30. Qb2 Qxb2+ 31. Kxb2 Rb8+ 32. Kc2 Rxb1 33. Kxb1 Kf8 $19 34. Kc2 Ke7 35. Kd3
Kd6 36. Kc4 f5 37. h4 g6 0-1